Drug-Impaired Driving in Canada

Bibliographic Details
Main Author: Baker, Nathan
Format: eBook
Language:English
Published: Toronto: Irwin Law Inc., 2018
Subjects:
Online Access:Acceso restringido

MARC

LEADER 00000nam a22000007a 4500
005 20210809230959.0
007 cr|||| ||||
008 210809s2018 ca |||||s|||| 00||0 eng d
020 |a 9781552214930 
035 |a 34962 
040 |a vLex 
090 |c 11944  |d 11944 
100 1 |a Baker, Nathan 
245 1 0 |a Drug-Impaired Driving in Canada  |h [Recurso electrn̤ico] /  |c Nathan Baker 
256 |a Servicio en ln̕ea 
260 |a Toronto:  |b Irwin Law Inc.,  |c 2018 
300 |a 1 recurso electrn̤ico 
500 |a While drug-impaired driving has been a criminal offence in Canada since 1925, charges have been more common and more complex since the approval of the Drug Recognition Exercises (DRE) and Standardized Field Sobriety Tests (SFST) in 2008. The legalization of marijuana and the imposition of per se limits for a number of drugs emphasizes the importance of a concise source of information for the complex matters raised in these cases. Drug-Impaired Driving in Canada is a ready reference for prosecutors, defence lawyers, and the judiciary, covering the matters unique to drug-impaired driving cases. Key areas covered include the DRE, the SFST, specimen testing for drugs, specialized experts, new provincial and federal legislation on the topic, and caselaw in this developing area. This text provides a breakdown of the intricate issues that pervade drug-impaired driving cases. 
506 1 |a Disponible solo en los productos indicados  |d vLex Global  |d vLex Global (Academic Edition, excluding Law Schools)  |d vLex Global (U.S. Academic Edition, Law Schools)  |d vLex Global (U.S. Academic Edition, excluding Law Schools)  |d vLex Global (Academic Edition, Law Schools) 
650 0 4 |a Derecho Penal  |z Canad̀ 
740 0 |a vLex Libros (Servicio en ln̕ea) 
856 4 0 |u https://app.vlex.com/#/sources/34962  |z Acceso restringido 
942 |c BOOK 
999 0 |a Criminal law